A time to dance, no time to weep /

Bibliographic Details
Main Author: Godden, Rumer, 1907-1998
Format: Book
Language:English
Published: New York : Beech Tree Books, [1987]
Edition:1st U.S. ed.
Subjects:

MARC

Tag First Indicator Second Indicator Subfields
LEADER 00000cam a2200000 a 4500
001 in00000028241
005 20151007060032.0
008 870812s1987 nyuaf 00010aeng
010 |a  87022697  
020 |a 0688074219 
035 |a (OCoLC)16647579 
035 |9 AAB9938AM 
040 |a DLC  |c DLC  |d TXA  |d UtOrBLW 
049 |a TXAM  |c [A11508351] 
050 0 0 |a PR6013.O2  |b Z477 1987 
082 0 |a 823/.912  |a B  |2 19 
100 1 |a Godden, Rumer,  |d 1907-1998. 
245 1 2 |a A time to dance, no time to weep /  |c Rumer Godden. 
250 |a 1st U.S. ed. 
264 1 |a New York :  |b Beech Tree Books,  |c [1987] 
264 4 |c ©1987 
300 |a 243 pages, 16 unnumbered pages of plates :  |b illustrations ;  |c 22 cm. 
336 |a text  |b txt  |2 rdacontent 
337 |a unmediated  |b n  |2 rdamedia 
338 |a volume  |b nc  |2 rdacarrier 
600 1 0 |a Godden, Rumer,  |d 1907-1998  |x Childhood and youth. 
650 0 |a Novelists, English  |y 20th century  |v Biography. 
650 0 |a British  |z India  |z Calcutta  |x Social life and customs. 
999 |a MARS 
999 f f |s 9913feaa-6600-34e8-b22e-8580b168c5f2  |i 2f467112-7664-3f0f-a0cb-c9fa60c6a350  |t 0 
952 f f |p normal  |a Texas A&M University  |b College Station  |c Sterling C. Evans Library  |d Evans: Library Stacks  |t 0  |e PR6013.O2 Z477 1987  |h Library of Congress classification  |i unmediated -- volume  |m A14811508351 
998 f f |a PR6013.O2 Z477 1987  |t 0  |l Evans: Library Stacks